[Event "Alpenpokal 2014"]
[Site "Langenwang"]
[Date "2014.01.10"]
[Round "1.1"]
[White "Jolowicz, Matias"]
[Black "Smits, Oswald"]
[Result "1-0"]
[WhiteElo "2221"]
[BlackElo "1917"]
[Annotator "chessorg"]
[PlyCount "83"]
[EventDate "2014.??.??"]
[WhiteTeam "SVG Salzgitter e.V."]
[BlackTeam "Sfr. Taunus Koenigstein"]

1. d4 d5 2. c4 e6 3. Nc3 c6 4. e4 dxe4 5. Nxe4 Bb4+ 6. Nc3 Nf6 7. Nf3 O-O 8.
Bd3 c5 9. a3 cxd4 10. axb4 dxc3 11. bxc3 b6 12. O-O Bb7 13. Qe2 Nbd7 14. Bf4
Qe7 15. Nd4 Rfe8 16. Nb5 e5 17. Bg3 e4 18. Bc2 Ne5 19. Rfd1 Bc6 20. Nd6 Red8
21. Nxe4 Rxd1+ 22. Rxd1 Ng6 23. Nxf6+ gxf6 24. Qxe7 Nxe7 25. b5 Be8 26. h4 Kg7
27. Ra1 f5 28. Bc7 Kf6 29. Bxb6 Rc8 30. Bd4+ Kg6 31. Rxa7 Ng8 32. b6 Bc6 33. c5
Rb8 34. Be5 Rb7 35. Rxb7 Bxb7 36. g4 Ne7 37. Bd6 Nd5 38. Bxf5+ Kf6 39. Bd7 Ba6
40. Bc6 Ke6 41. b7 Bxb7 42. Bxb7 1-0

[Event "Alpenpokal 2014"]
[Site "Langenwang"]
[Date "2014.01.10"]
[Round "1.2"]
[White "Hansch, Michael"]
[Black "Van Baarle, John"]
[Result "0-1"]
[WhiteElo "1915"]
[BlackElo "2208"]
[Annotator "chessorg"]
[PlyCount "88"]
[EventDate "2014.??.??"]

1. d4 Nf6 2. Nc3 g6 3. Bg5 d5 4. e3 c6 5. Bd3 Bg7 6. Nf3 Bf5 7. O-O O-O 8. Ne2
Nbd7 9. Ng3 Bxd3 10. cxd3 Re8 11. e4 Nf8 12. e5 N6d7 13. Qd2 Ne6 14. Be3 f5 15.
h4 h5 16. Bh6 Bh8 17. Be3 Bg7 18. Bh6 a5 19. Bxg7 Kxg7 20. Ne2 Ndf8 21. g3 Qb6
22. b3 Qb4 23. Qd1 Nd7 24. a3 Qb6 25. Qd2 c5 26. dxc5 Ndxc5 27. b4 Nb3 28. Qb2
Nxa1 29. Rxa1 axb4 30. Nf4 Nxf4 31. gxf4 Qc5 32. axb4 Rxa1+ 33. Qxa1 Qxb4 34.
d4 Rc8 35. Kg2 Rc2 36. Ng5 Rc8 37. Qa2 Qb5 38. Qa3 Qd7 39. Qe3 e6 40. Qg3 b5
41. Nf3 b4 42. Qh2 b3 43. Qg1 b2 44. Qb1 Qb5 0-1

[Event "Alpenpokal 2014"]
[Site "Langenwang"]
[Date "2014.01.10"]
[Round "1.5"]
[White "Wempe, Juergen"]
[Black "Fleischer, Birgit"]
[Result "1-0"]
[WhiteElo "2148"]
[BlackElo "1891"]
[Annotator "chessorg"]
[PlyCount "59"]
[EventDate "2014.??.??"]
[BlackTeam "SC Geislingen"]

1. d4 d5 2. Bf4 Nf6 3. Nd2 Bf5 4. c3 c6 5. Ngf3 e6 6. Ne5 Be7 7. Rg1 Nbd7 8. g4
Nxe5 9. gxf5 Nc4 10. Nxc4 dxc4 11. fxe6 Nd5 12. Bd2 Qd6 13. exf7+ Kxf7 14. e4
Nb6 15. e5 Qe6 16. Qf3+ Kg8 17. Bh3 Qf7 18. Qg3 g6 19. f4 c5 20. f5 cxd4 21.
cxd4 Nd5 22. O-O-O c3 23. bxc3 Nxc3 24. Qxc3 Qxa2 25. Rdf1 Rd8 26. fxg6 Ba3+
27. Kd1 Qb1+ 28. Ke2 Qe4+ 29. Be3 1-0

[Event "Alpenpokal 2014"]
[Site "Langenwang"]
[Date "2014.01.11"]
[Round "2.1"]
[White "Hoeschele, Hans-Ulrich"]
[Black "Jolowicz, Matias"]
[Result "1-0"]
[WhiteElo "2090"]
[BlackElo "2221"]
[Annotator "chessorg"]
[PlyCount "79"]
[EventDate "2014.??.??"]
[WhiteTeam "Stuttgarter SF 1879"]
[BlackTeam "SVG Salzgitter e.V."]

1. c4 g6 2. Nc3 Bg7 3. g3 d6 4. Bg2 f5 5. d3 Nf6 6. e3 O-O 7. Nge2 e5 8. Bd2
Nc6 9. a3 a5 10. Qc2 Be6 11. Nd5 Rb8 12. O-O Ne7 13. Nxf6+ Bxf6 14. Bxa5 g5 15.
f4 Ng6 16. Bc3 c6 17. Kh1 Qe7 18. Rae1 h5 19. e4 Qg7 20. fxe5 Bxe5 21. d4 f4
22. dxe5 dxe5 23. gxf4 gxf4 24. Bf3 Qh6 25. Rg1 Kh7 26. Rxg6 Qxg6 27. Bxe5 Bg4
28. Qc3 Rbe8 29. Ng1 Rg8 30. Bxf4 Ref8 31. Qe3 Rf7 32. Ne2 Rgf8 33. Bxg4 Qxg4
34. Rg1 Qh4 35. Bg3 Qe7 36. e5 Rf3 37. Qe4+ Kh8 38. Nf4 R3xf4 39. Bxf4 Qh4 40.
Qg6 1-0

[Event "Alpenpokal 2014"]
[Site "Langenwang"]
[Date "2014.01.11"]
[Round "2.2"]
[White "Van Baarle, John"]
[Black "Froehlich, Rainer"]
[Result "1-0"]
[WhiteElo "2208"]
[BlackElo "2065"]
[Annotator "chessorg"]
[PlyCount "55"]
[EventDate "2014.??.??"]
[BlackTeam "SC Sonthofen"]

1. d4 Nf6 2. c4 c5 3. e3 g6 4. Nc3 Bg7 5. Nf3 O-O 6. Be2 cxd4 7. exd4 d5 8. h3
Nc6 9. O-O a6 10. c5 h6 11. Be3 e6 12. Rb1 g5 13. Qd3 Nd7 14. g4 f5 15. gxf5
Rxf5 16. Nh2 Rf8 17. Rbd1 Ne7 18. f4 gxf4 19. Rxf4 Rxf4 20. Bxf4 Nf5 21. Nf3
Qf6 22. Bh2 Kh8 23. Kh1 Qg6 24. Rg1 Qh7 25. Qd2 Nf8 26. Qf4 Bxd4 27. Nxd4 Nxd4
28. Qxf8+ 1-0

[Event "Alpenpokal 2014"]
[Site "Langenwang"]
[Date "2014.01.12"]
[Round "3.3"]
[White "Hoeschele, Hans-Ulrich"]
[Black "Wewers, Reinhard"]
[Result "0-1"]
[WhiteElo "2090"]
[BlackElo "2182"]
[Annotator "chessorg"]
[PlyCount "24"]
[EventDate "2014.??.??"]
[WhiteTeam "Stuttgarter SF 1879"]
[BlackTeam "SK Duelmen 1952 e.V."]

1. Nf3 Nf6 2. c4 c5 3. Nc3 e6 4. g3 b6 5. Bg2 Bb7 6. O-O Be7 7. d3 O-O 8. e4 d6
9. Qc2 Nc6 10. a3 Nd7 11. Bf4 Nde5 12. Rad1 Nxf3+ 0-1

[Event "Alpenpokal 2014"]
[Site "Langenwang"]
[Date "2014.01.12"]
[Round "3.4"]
[White "Wempe, Juergen"]
[Black "Haugg, Gerhard"]
[Result "1-0"]
[WhiteElo "2148"]
[BlackElo "1917"]
[Annotator "chessorg"]
[PlyCount "85"]
[EventDate "2014.??.??"]
[WhiteTeam "SK Union Oldenburg"]
[BlackTeam "Spgem Kötz/Ichenhausen"]

1. d4 e6 2. Nf3 Nf6 3. c3 c5 4. Nbd2 d5 5. g3 Nc6 6. Bg2 Bd6 7. O-O O-O 8. a3
a5 9. dxc5 Bxc5 10. Nb3 Be7 11. Nbd4 Qc7 12. Bf4 e5 13. Nxc6 exf4 14. Nxe7+
Qxe7 15. gxf4 Bf5 16. Ne5 Rfd8 17. e3 Ne4 18. Qe2 Ra6 19. Rad1 Rh6 20. Bxe4
dxe4 21. Rxd8+ Qxd8 22. Rd1 Qh4 23. f3 exf3 24. Qd2 f2+ 25. Qxf2 Qxf2+ 26. Kxf2
g5 27. Kg2 gxf4 28. exf4 f6 29. Nc4 Be4+ 30. Kg3 Rg6+ 31. Kf2 f5 32. Rg1 a4 33.
Nd6 Rxg1 34. Kxg1 Bc2 35. Nxb7 Kf7 36. Nd8+ Ke7 37. Nc6+ Kd6 38. Nd4 Bd3 39. b3
axb3 40. Nxb3 Kd5 41. Nd2 Kc5 42. Kf2 Kb5 43. Ke3 1-0

[Event "Alpenpokal 2014"]
[Site "Langenwang"]
[Date "2014.01.12"]
[Round "3.7"]
[White "Jolowicz, Matias"]
[Black "Klein, Reinhard"]
[Result "1-0"]
[WhiteElo "2221"]
[BlackElo "1945"]
[Annotator "chessorg"]
[PlyCount "57"]
[EventDate "2014.??.??"]
[WhiteTeam "SVG Salzgitter e.V."]
[BlackTeam "SC Roter Turm Altstadt"]

1. d4 Nf6 2. c4 e6 3. Nc3 Bb4 4. e3 O-O 5. Bd3 c5 6. a3 Bxc3+ 7. bxc3 d6 8. Ne2
e5 9. Ng3 Re8 10. O-O e4 11. Bc2 Be6 12. Nxe4 Bxc4 13. Nxf6+ Qxf6 14. Re1 Nc6
15. Bb2 Rad8 16. e4 g5 17. Re3 cxd4 18. cxd4 h6 19. Rb1 d5 20. e5 Qg7 21. h4
Kf8 22. hxg5 Re6 23. Bf5 hxg5 24. Bxe6 fxe6 25. Qg4 Ke7 26. Rg3 Rg8 27. Bc1 Kf8
28. Bxg5 Qh7 29. Bh6+ 1-0

[Event "Alpenpokal 2014"]
[Site "Langenwang"]
[Date "2014.01.12"]
[Round "3.8"]
[White "Held, Thomas"]
[Black "Smits, Oswald"]
[Result "1-0"]
[WhiteElo "2099"]
[BlackElo "1917"]
[Annotator "chessorg"]
[PlyCount "49"]
[EventDate "2014.??.??"]
[BlackTeam "Sfr. Taunus Koenigstein"]

1. e4 g6 2. d4 Bg7 3. Nc3 d6 4. Be3 Nd7 5. Qd2 a6 6. Nf3 e6 7. Bd3 Ne7 8. Bh6
O-O 9. h4 Nf6 10. h5 gxh5 11. e5 Nd7 12. Rxh5 f5 13. Bxg7 Kxg7 14. Qh6+ Kf7 15.
Ng5+ Ke8 16. Nxe6 Ng8 17. Qxh7 Qe7 18. Qg6+ Qf7 19. Nxc7+ Kd8 20. Qxf7 Rxf7 21.
Nxa8 dxe5 22. Bc4 Rg7 23. Rh8 exd4 24. Ne2 Ndf6 25. O-O-O 1-0

[Event "Alpenpokal 2014"]
[Site "Langenwang"]
[Date "2014.01.13"]
[Round "4.1"]
[White "Wewers, Reinhard"]
[Black "Fleischer, Frank"]
[Result "1/2-1/2"]
[WhiteElo "2182"]
[BlackElo "2206"]
[Annotator "chessorg"]
[PlyCount "59"]
[EventDate "2014.??.??"]
[WhiteTeam "SK Duelmen 1952 e.V."]
[BlackTeam "Weisse Dame Ulm"]

1. Nf3 e6 2. g3 f5 3. Bg2 Nf6 4. O-O Be7 5. c4 O-O 6. Nc3 d6 7. d4 Ne4 8. Qc2
Nxc3 9. bxc3 Nc6 10. d5 Na5 11. dxe6 Bxe6 12. Nd4 Bxc4 13. Nxf5 Bf6 14. Ne3 Bf7
15. Be4 h6 16. Rb1 Rb8 17. Nd5 Re8 18. Be3 b6 19. Rfd1 Nc4 20. Bg6 Bxg6 21.
Qxg6 Nxe3 22. Nxe3 Bg5 23. Nd5 Rxe2 24. f4 Qf8 25. Nxc7 Bf6 26. Nd5 Rbe8 27.
Kf1 Qf7 28. Nxf6+ Qxf6 29. Qxf6 gxf6 30. Re1 1/2-1/2

[Event "Alpenpokal 2014"]
[Site "Langenwang"]
[Date "2014.01.13"]
[Round "4.2"]
[White "Van Baarle, John"]
[Black "Diller, Peter"]
[Result "0-1"]
[WhiteElo "2208"]
[BlackElo "1987"]
[Annotator "chessorg"]
[PlyCount "74"]
[EventDate "2014.??.??"]
[BlackTeam "SK Rothenburg e.V."]

1. d4 e6 2. c4 f5 3. Nf3 Nf6 4. Nc3 d6 5. g3 Be7 6. Bg2 O-O 7. O-O c6 8. Qc2
Nbd7 9. d5 cxd5 10. cxd5 Nxd5 11. Nxd5 exd5 12. Nd4 Nf6 13. Nxf5 Bd7 14. Bg5
Bc6 15. Rad1 Rc8 16. Qb3 Kh8 17. e3 Qd7 18. Nxe7 Qxe7 19. Bxd5 h6 20. Bxf6 Rxf6
21. Rd2 Rcf8 22. Rc2 Rf5 23. Bxc6 bxc6 24. Rxc6 Qd7 25. Qc3 Rh5 26. Rc7 Qg4 27.
Qd4 Qg6 28. Re7 Rhf5 29. f4 h5 30. Rc1 h4 31. Rcc7 Rg8 32. e4 Rf6 33. Kg2 hxg3
34. hxg3 Qg4 35. Qe3 Rh6 36. Kg1 Qd1+ 37. Kg2 Qh1+ 0-1

[Event "Alpenpokal 2014"]
[Site "Langenwang"]
[Date "2014.01.13"]
[Round "4.3"]
[White "Wempe, Juergen"]
[Black "Schell, John"]
[Result "1/2-1/2"]
[WhiteElo "2148"]
[BlackElo "2146"]
[Annotator "chessorg"]
[PlyCount "67"]
[EventDate "2014.??.??"]
[WhiteTeam "SK Union Oldenburg"]

1. d4 d5 2. Bf4 Nf6 3. Nd2 Bf5 4. c3 c6 5. Qb3 Qb6 6. a4 e6 7. Qa2 a5 8. h3 h6
9. Ngf3 Be7 10. e3 Nbd7 11. Be2 Ne4 12. g4 Nxd2 13. Nxd2 Bg6 14. Bg3 h5 15.
O-O-O O-O-O 16. Qb3 Rde8 17. Rdf1 Qxb3 18. Nxb3 Bd8 19. Kd2 Bc7 20. Bxc7 Kxc7
21. Bd1 b6 22. Nc1 b5 23. axb5 cxb5 24. Nd3 Be4 25. f3 Bxd3 26. Kxd3 Nb6 27.
Rf2 a4 28. b3 Ra8 29. Rb2 axb3 30. Bxb3 Ra3 31. g5 Rha8 32. Rhb1 Nc4 33. Bxc4
bxc4+ 34. Kc2 1/2-1/2

[Event "Alpenpokal 2014"]
[Site "Langenwang"]
[Date "2014.01.13"]
[Round "4.12"]
[White "Klein, Reinhard"]
[Black "Aigner, Georg"]
[Result "0-1"]
[WhiteElo "1945"]
[BlackElo "1893"]
[Annotator "chessorg"]
[PlyCount "100"]
[EventDate "2014.??.??"]
[WhiteTeam "SC Roter Turm Altstadt"]
[BlackTeam "TSV Dietfurt"]

1. d4 Nf6 2. c4 e6 3. Nf3 b6 4. Nc3 Bb4 5. a3 Bxc3+ 6. bxc3 Bb7 7. e3 Ne4 8.
Bd3 f5 9. Qc2 O-O 10. O-O d6 11. Nd2 Qh4 12. f3 Nxd2 13. Bxd2 Nd7 14. Rae1 Qf6
15. e4 f4 16. e5 Qh6 17. exd6 cxd6 18. Be4 d5 19. cxd5 Bxd5 20. c4 Rac8 21.
Bxd5 exd5 22. Qa4 Qc6 23. Qxc6 Rxc6 24. cxd5 Rc2 25. Bb4 Rfc8 26. Re7 Nf6 27.
Re5 a5 28. Be7 Rd2 29. Bxf6 gxf6 30. Re4 Rcc2 31. Kh1 Kf7 32. Rg1 Rc4 33. Rxf4
Rcxd4 34. Rxd4 Rxd4 35. h3 Rxd5 36. Rb1 b5 37. Kh2 Ke6 38. g4 Ke5 39. Kg3 Kd4
40. Kf4 Kc4 41. Re1 Rd3 42. Re4+ Rd4 43. Kf5 Rxe4 44. fxe4 b4 45. axb4 axb4 46.
Kxf6 b3 47. e5 b2 48. e6 b1=Q 49. e7 Qg6+ 50. Ke5 Kc5 0-1

[Event "Alpenpokal 2014"]
[Site "Langenwang"]
[Date "2014.01.14"]
[Round "5.1"]
[White "Diller, Peter"]
[Black "Wewers, Reinhard"]
[Result "1/2-1/2"]
[WhiteElo "1987"]
[BlackElo "2182"]
[Annotator "chessorg"]
[PlyCount "70"]
[EventDate "2014.??.??"]
[WhiteTeam "SK Rothenburg e.V."]
[BlackTeam "SK Duelmen 1952 e.V."]

1. e4 e6 2. f4 d5 3. e5 c5 4. Nf3 Nc6 5. c3 Nh6 6. Bd3 Be7 7. O-O Nf5 8. Bxf5
exf5 9. d4 cxd4 10. Nxd4 Qb6 11. Qb3 Qxb3 12. Nxb3 Be6 13. Be3 O-O 14. N1d2
Rfc8 15. Nf3 h6 16. Rfe1 b6 17. Re2 Rc7 18. Kf2 Kh8 19. g3 Rg8 20. h4 Rb8 21.
Nfd4 Nxd4 22. Nxd4 a6 23. Rh1 h5 24. Rc1 Kg8 25. Rec2 b5 26. Ke2 Kf8 27. Kd3
Ke8 28. Bf2 Rc4 29. Be3 Rbc8 30. Bf2 Rb8 31. Be3 Kd7 32. Bf2 Rcc8 33. Be3 g6
34. Bf2 Kd8 35. Nf3 Kd7 1/2-1/2

[Event "Alpenpokal 2014"]
[Site "Langenwang"]
[Date "2014.01.14"]
[Round "5.2"]
[White "Fleischer, Frank"]
[Black "Knoll, Georg"]
[Result "1-0"]
[WhiteElo "2206"]
[BlackElo "2060"]
[Annotator "chessorg"]
[PlyCount "59"]
[EventDate "2014.??.??"]
[WhiteTeam "Weisse Dame Ulm"]
[BlackTeam "VfL Leipheim 1898"]

1. e4 d5 2. exd5 Qxd5 3. Nc3 Qd6 4. d4 Nf6 5. Nf3 g6 6. Be2 Bg7 7. Bg5 O-O 8.
Qd2 Bf5 9. O-O c6 10. Bf4 Qd8 11. Bc4 b5 12. Be2 Nbd7 13. Rfd1 b4 14. Na4 Qa5
15. b3 Ne4 16. Qe1 c5 17. Bd3 Nd6 18. Qxe7 Nc8 19. Qh4 cxd4 20. Bh6 Bf6 21. Bg5
Bg7 22. Nxd4 Bxd3 23. Rxd3 Re8 24. Rad1 Ne5 25. Rh3 h5 26. Re3 Nb6 27. Nxb6
axb6 28. Rde1 Qc5 29. h3 Rec8 30. Re4 1-0

[Event "Alpenpokal 2014"]
[Site "Langenwang"]
[Date "2014.01.14"]
[Round "5.3"]
[White "Jolowicz, Matias"]
[Black "Groenegress, Wilfried"]
[Result "1/2-1/2"]
[WhiteElo "2221"]
[BlackElo "2134"]
[Annotator "chessorg"]
[PlyCount "35"]
[EventDate "2014.??.??"]
[WhiteTeam "SVG Salzgitter e.V."]

1. c4 e6 2. Nc3 f5 3. g3 Nf6 4. Bg2 d5 5. d4 c6 6. Nf3 Bd6 7. O-O O-O 8. Bf4
Bxf4 9. gxf4 Nbd7 10. Qc2 Ne4 11. e3 Qe7 12. Nxe4 fxe4 13. Nd2 Nf6 14. f3 exf3
15. Nxf3 Bd7 16. Ne5 Rad8 17. Kh1 Be8 18. Bf3 1/2-1/2

[Event "Alpenpokal 2014"]
[Site "Langenwang"]
[Date "2014.01.14"]
[Round "5.4"]
[White "Hoeschele, Hans-Ulrich"]
[Black "Wempe, Juergen"]
[Result "1-0"]
[WhiteElo "2090"]
[BlackElo "2148"]
[Annotator "chessorg"]
[PlyCount "87"]
[EventDate "2014.??.??"]
[WhiteTeam "Stuttgarter SF 1879"]
[BlackTeam "SK Union Oldenburg"]

1. e4 c6 2. d3 d5 3. Nd2 g6 4. Be2 Bg7 5. c3 Nf6 6. Ngf3 Na6 7. Qc2 dxe4 8.
Nxe4 O-O 9. Ng3 Qd6 10. h3 Re8 11. Be3 Nd5 12. Bd2 e5 13. Ne4 Qe7 14. O-O-O f5
15. Ng3 Be6 16. Ng5 Bd7 17. h4 h6 18. Nh3 Be6 19. Bf3 Rad8 20. Kb1 Nf6 21. h5
Nc5 22. Bc1 Nxd3 23. Rxd3 Rxd3 24. Qxd3 e4 25. Qd1 exf3 26. gxf3 Qf7 27. Qa4 b5
28. hxg6 Qxg6 29. Qf4 Nd5 30. Qd2 f4+ 31. Ne4 Qg2 32. Qd1 Bf5 33. Ka1 Bxe4 34.
fxe4 Qxe4 35. f3 Qf5 36. Nf2 a5 37. Qd3 Qxd3 38. Nxd3 a4 39. a3 Kh7 40. Kb1 Re2
41. Bxf4 Nxf4 42. Nxf4 Rf2 43. Ne6 Rxf3 44. Ng5+ 1-0

[Event "Alpenpokal 2014"]
[Site "Langenwang"]
[Date "2014.01.15"]
[Round "6.3"]
[White "Groenegress, Wilfried"]
[Black "Diller, Peter"]
[Result "1/2-1/2"]
[WhiteElo "2134"]
[BlackElo "1987"]
[Annotator "chessorg"]
[PlyCount "50"]
[EventDate "2014.??.??"]
[BlackTeam "SK Rothenburg e.V."]

1. e4 e6 2. d4 d5 3. Nc3 c5 4. exd5 exd5 5. Nf3 Nf6 6. Bb5+ Nc6 7. O-O Be7 8.
dxc5 O-O 9. Bg5 Be6 10. Bxc6 bxc6 11. Qd4 h6 12. Bh4 Bf5 13. Rac1 g5 14. Bg3
Nd7 15. Na4 Qa5 16. b3 Rfe8 17. Bd6 Bxd6 18. cxd6 Re6 19. Qc3 Qxc3 20. Nxc3
Rxd6 21. Nd4 Bg6 22. Rfe1 a6 23. b4 Rc8 24. Na4 f6 25. Nc5 Ne5 1/2-1/2

[Event "Alpenpokal 2014"]
[Site "Langenwang"]
[Date "2014.01.15"]
[Round "6.6"]
[White "Held, Thomas"]
[Black "Knoll, Georg"]
[Result "1/2-1/2"]
[WhiteElo "2099"]
[BlackElo "2060"]
[Annotator "chessorg"]
[PlyCount "41"]
[EventDate "2014.??.??"]
[BlackTeam "VfL Leipheim 1898"]

1. e4 d5 2. exd5 Qxd5 3. Nc3 Qd6 4. d4 Nf6 5. Nf3 g6 6. Bc4 Bg7 7. Ng5 O-O 8.
O-O c6 9. h3 h6 10. Nge4 Nxe4 11. Nxe4 Qb4 12. b3 Nd7 13. a4 Qa5 14. Ba3 Qd8
15. Qe2 Nb6 16. Rad1 Bf5 17. Ng3 Re8 18. Nxf5 gxf5 19. Qh5 e6 20. Be2 Nd5 21.
Qf3 1/2-1/2

[Event "Alpenpokal 2014"]
[Site "Langenwang"]
[Date "2014.01.15"]
[Round "6.9"]
[White "Maugg, Ludwig"]
[Black "Wantoch, Markus"]
[Result "1/2-1/2"]
[WhiteElo "2019"]
[BlackElo "1973"]
[Annotator "chessorg"]
[PlyCount "46"]
[EventDate "2014.??.??"]
[WhiteTeam "SC Sonthofen"]
[BlackTeam "Osnabrueck"]

1. d4 Nf6 2. c4 e6 3. Nf3 Bb4+ 4. Nbd2 d5 5. Qa4+ Nc6 6. a3 Be7 7. e3 Bd7 8.
Qc2 O-O 9. Bd3 h6 10. O-O Rc8 11. b4 a5 12. b5 dxc4 13. Nxc4 Na7 14. a4 b6 15.
Qb3 Rb8 16. e4 c6 17. Bf4 Rc8 18. Nd6 Rc7 19. h3 Nh5 20. Bh2 g5 21. Nc4 Rc8 22.
Nce5 Bb4 23. Qd1 Nf6 1/2-1/2

[Event "Alpenpokal 2014"]
[Site "Langenwang"]
[Date "2014.01.15"]
[Round "6.12"]
[White "Klein, Reinhard"]
[Black "Fleischer, Birgit"]
[Result "1-0"]
[WhiteElo "1945"]
[BlackElo "1891"]
[Annotator "chessorg"]
[PlyCount "33"]
[EventDate "2014.??.??"]
[WhiteTeam "SC Roter Turm Altstadt"]
[BlackTeam "SC Geislingen"]

1. d4 d5 2. Nf3 Nf6 3. c4 dxc4 4. Nc3 Bg4 5. e3 e6 6. Bxc4 Be7 7. Qb3 b6 8. Ne5
O-O 9. f3 Bf5 10. g4 Bg6 11. h4 c5 12. h5 cxd4 13. hxg6 dxc3 14. gxf7+ Rxf7 15.
Bxe6 Qc7 16. Bxf7+ Kh8 17. Ng6# 1-0

[Event "Alpenpokal 2014"]
[Site "Langenwang"]
[Date "2014.01.16"]
[Round "7.2"]
[White "Jolowicz, Matias"]
[Black "Wewers, Reinhard"]
[Result "1/2-1/2"]
[WhiteElo "2221"]
[BlackElo "2182"]
[Annotator "chessorg"]
[PlyCount "53"]
[EventDate "2014.??.??"]
[WhiteTeam "SVG Salzgitter e.V."]
[BlackTeam "SK Duelmen 1952 e.V."]

1. c4 Nf6 2. Nc3 c5 3. Nf3 e6 4. g3 b6 5. Bg2 Bb7 6. O-O Be7 7. d4 cxd4 8. Qxd4
d6 9. Bg5 Nbd7 10. Nb5 h6 11. Bxf6 Nxf6 12. Rad1 d5 13. cxd5 exd5 14. Qa4 O-O
15. Nbd4 Qe8 16. Qxe8 Rfxe8 17. Rc1 Bc5 18. e3 Ba6 19. Rfd1 Rac8 20. Bh3 Ra8
21. Bf1 Bxf1 22. Kxf1 Rac8 23. Nb5 g5 24. Nfd4 a6 25. Nc3 g4 26. Nf5 Re5 27.
Nd4 1/2-1/2

[Event "Alpenpokal 2014"]
[Site "Langenwang"]
[Date "2014.01.16"]
[Round "7.6"]
[White "Knoll, Georg"]
[Black "Harsch, Martin"]
[Result "0-1"]
[WhiteElo "2060"]
[BlackElo "1988"]
[Annotator "chessorg"]
[PlyCount "66"]
[EventDate "2014.??.??"]
[WhiteTeam "VfL Leipheim 1898"]
[BlackTeam "Roche Basel"]

1. d4 d5 2. c4 c6 3. Nc3 Nf6 4. e3 e6 5. Nf3 Bd6 6. b3 Nbd7 7. Bb2 O-O 8. Be2
Qe7 9. O-O b6 10. Rc1 Bb7 11. Rc2 Rad8 12. cxd5 exd5 13. g3 Rfe8 14. Nh4 g6 15.
Ng2 Nf8 16. a3 Ne6 17. b4 Ng5 18. b5 c5 19. h4 Nge4 20. Nxe4 Nxe4 21. dxc5 bxc5
22. Bf3 Be5 23. Bxe5 Qxe5 24. Nf4 d4 25. Nd3 Qe7 26. exd4 Rxd4 27. Qe2 Qd7 28.
Nf4 Nd2 29. Qxe8+ Qxe8 30. Bxb7 Nxf1 31. Bc6 Qe1 32. Kg2 Nd2 33. Nh3 c4 0-1

[Event "Alpenpokal 2014"]
[Site "Langenwang"]
[Date "2014.01.16"]
[Round "7.10"]
[White "Froehlich, Rainer"]
[Black "Klein, Reinhard"]
[Result "1-0"]
[WhiteElo "2065"]
[BlackElo "1945"]
[Annotator "chessorg"]
[PlyCount "65"]
[EventDate "2014.??.??"]
[WhiteTeam "SC Sonthofen"]
[BlackTeam "SC Roter Turm Altstadt"]

1. c4 Nf6 2. Nc3 c5 3. g3 g6 4. Bg2 Bg7 5. e3 O-O 6. d4 d6 7. Nge2 Nc6 8. O-O
Bf5 9. h3 Na5 10. b3 Rb8 11. Bb2 a6 12. Qd2 b5 13. cxb5 axb5 14. e4 Bd7 15.
dxc5 dxc5 16. e5 Ne8 17. Rfd1 Bxh3 18. Qxd8 Rxd8 19. Rxd8 Bxg2 20. Kxg2 Bxe5
21. Nd1 Bc7 22. Rc8 b4 23. Ne3 e6 24. Rc1 Nb7 25. Nc4 Nbd6 26. Nxd6 Bxd6 27.
Rd1 Be7 28. Rd7 Nf6 29. Rxf8+ Kxf8 30. Bxf6 Bxf6 31. Rc7 Be7 32. Rc8+ Kg7 33.
Nf4 1-0

[Event "Alpenpokal 2014"]
[Site "Langenwang"]
[Date "2014.01.16"]
[Round "7.12"]
[White "Aicher, Hans"]
[Black "Smits, Oswald"]
[Result "0-1"]
[WhiteElo "1933"]
[BlackElo "1917"]
[Annotator "chessorg"]
[PlyCount "47"]
[EventDate "2014.??.??"]
[WhiteTeam "SC Sonthofen"]
[BlackTeam "Sfr. Taunus Koenigstein"]

1. d4 Nf6 2. Nc3 d5 3. e4 dxe4 4. f3 exf3 5. Nxf3 e6 6. Bg5 Be7 7. Bd3 Nc6 8.
a3 O-O 9. Qd2 a6 10. Qf4 Nh5 11. Qh4 g6 12. g4 Bxg5 13. Nxg5 Qxd4 14. O-O-O
Qf4+ 15. Kb1 h6 16. Nge4 f5 17. Rhg1 fxe4 18. Nxe4 Ne5 19. Rdf1 Nf3 20. Qe7 Ng7
21. g5 hxg5 22. Rxg5 Qf7 23. Qc5 b6 24. Rg3 0-1

[Event "Alpenpokal 2014"]
[Site "Langenwang"]
[Date "2014.01.16"]
[Round "7.18"]
[White "Wagner, Gerhard"]
[Black "Oser, Thor"]
[Result "1/2-1/2"]
[WhiteElo "1801"]
[BlackElo "1833"]
[Annotator "chessorg"]
[PlyCount "30"]
[EventDate "2014.??.??"]
[WhiteTeam "SFR. Windach"]

1. e4 c5 2. d4 cxd4 3. c3 dxc3 4. Nxc3 a6 5. Nf3 Nc6 6. Bc4 e6 7. O-O h6 8. Qe2
Nge7 9. Rd1 Ng6 10. Be3 b5 11. Bb3 Qc7 12. Rac1 Be7 13. Nd5 Qb7 14. Nxe7 Ngxe7
15. Bc5 O-O 1/2-1/2

[Event "Alpenpokal 2014"]
[Site "Langenwang"]
[Date "2014.01.16"]
[Round "7.21"]
[White "Tauscher, Max"]
[Black "Winter, Rudolf"]
[Result "1-0"]
[WhiteElo "1858"]
[BlackElo "1829"]
[Annotator "chessorg"]
[PlyCount "63"]
[EventDate "2014.??.??"]
[WhiteTeam "SC Sonthofen"]
[BlackTeam "SV 1946 Groß-Gerau"]

1. e4 e5 2. Nf3 Nc6 3. a3 Nf6 4. Nc3 a6 5. Bc4 Bc5 6. O-O O-O 7. d3 h6 8. b4
Ba7 9. Bb2 d6 10. h3 Nd4 11. Nd5 Be6 12. Nxd4 Bxd4 13. Bxd4 exd4 14. Qf3 Nd7
15. Qg3 c6 16. Nf4 Bxc4 17. dxc4 Ne5 18. Rfd1 c5 19. c3 dxc3 20. Qxc3 Qf6 21.
Nd5 Qd8 22. bxc5 Rc8 23. cxd6 Nxc4 24. Ne7+ Kh8 25. Nxc8 Qxc8 26. d7 Qc7 27.
Rd4 b5 28. Rad1 Rd8 29. e5 Qxe5 30. Re1 Qb8 31. Ree4 f6 32. Re7 1-0

[Event "Alpenpokal 2014"]
[Site "Langenwang"]
[Date "2014.01.17"]
[Round "8.1"]
[White "Diller, Peter"]
[Black "Fleischer, Frank"]
[Result "1-0"]
[WhiteElo "1987"]
[BlackElo "2206"]
[Annotator "chessorg"]
[PlyCount "83"]
[EventDate "2014.??.??"]
[WhiteTeam "SK Rothenburg e.V."]
[BlackTeam "Weisse Dame Ulm"]

1. e4 e6 2. f4 d5 3. e5 c5 4. Nf3 Nc6 5. c3 Bd7 6. Bd3 Qc7 7. Bc2 Nh6 8. d3 f6
9. Qe2 O-O-O 10. Nbd2 Nf7 11. exf6 gxf6 12. Nb3 e5 13. Bd2 Kb8 14. O-O-O Re8
15. fxe5 Nfxe5 16. Qf2 Ng4 17. Qh4 f5 18. h3 Be7 19. Ng5 Nge5 20. Qf2 d4 21.
Nf3 Bf6 22. Nxc5 Bc8 23. Nxd4 Qa5 24. Nxc6+ Nxc6 25. Kb1 b6 26. Nb3 Qb5 27. d4
Be6 28. d5 Bxd5 29. Qxf5 Be5 30. Bf4 Rhg8 31. Nd4 Nxd4 32. Bxe5+ Ka8 33. cxd4
Rxg2 34. Rhg1 Re2 35. Rge1 Rxe1 36. Rxe1 Qa5 37. Re3 Rg8 38. Bg3 Qxa2+ 39. Kc1
a5 40. Ra3 Qc4 41. Qd3 Rc8 42. Rc3 1-0

[Event "Alpenpokal 2014"]
[Site "Langenwang"]
[Date "2014.01.17"]
[Round "8.8"]
[White "Held, Thomas"]
[Black "Froehlich, Rainer"]
[Result "1/2-1/2"]
[WhiteElo "2099"]
[BlackElo "2065"]
[Annotator "chessorg"]
[PlyCount "41"]
[EventDate "2014.??.??"]
[BlackTeam "SC Sonthofen"]

1. e4 c5 2. c3 d5 3. exd5 Qxd5 4. d4 cxd4 5. cxd4 Nf6 6. Nc3 Qd8 7. Nf3 e6 8.
Bd3 Be7 9. O-O O-O 10. Re1 Nc6 11. a3 Rb8 12. Bc2 b6 13. Qd3 a5 14. Nb5 Ba6 15.
Qb3 Bxb5 16. Qxb5 Nxd4 17. Nxd4 Qxd4 18. Be3 Qh4 19. Bg5 Qd4 20. Be3 Qh4 21.
Bg5 1/2-1/2